000 00976nam a2200265Ia 4500
003 OSt
005 20220927104122.0
006 a|||||r|||| 00| 0
007 ta
008 220926b |||||||| |||| 00| 0 eng d
024 _a95552
037 _cReference Collections
040 _aRTL
_cRTL
_beng
041 _2eng
_aeng
082 _a"X9(F182):8p1,N86, M6/UN"
110 _aInternational Labour Organisation
_9364411
111 _aIron and Steel (Committee) (11th section)
_9364412
245 0 _aPolicies for maintaining social development through bargaining. legislation and adequate social security protection to cope with structural changes in the iron and steel
260 _aGeneva
_bIndian Library Organisation
_c1986
300 _a95p
_ccm.
650 _aIron and Steel Industry
_9364413
700 _aInternational Labour Organisation
_9364414
942 _h"X9(F182):8p1,N86, M6/UN"
_cCC
999 _c686223
_d686223